Проблемы финансового и организационно-правового обеспечения бесплатной юридической помощи в Приволжском федеральном округе (Запись № 10820355)
[ простой вид ]
| 000 -МАРКЕР | |
|---|---|
| контрольное поле | 02277nam0a2200385 i 4500 |
| 001 - ИДЕНТИФИКАТОР ЗАПИСИ | |
| контрольное поле | RU\NLR\BIBL_A\010970623 |
| 005 - ИДЕНТИФИКАТОР ВЕРСИИ | |
| контрольное поле | 20260409075815.0 |
| 010 ## - МЕЖДУНАРОДНЫЙ СТАНДАРТНЫЙ НОМЕР КНИГИ (ISBN) | |
| Номер (ISBN) | 9785767721313 |
| Тираж | 300 |
| 021 ## - НОМЕР ГОСУДАРСТВЕННОЙ РЕГИСТРАЦИИ | |
| Код страны | Российская Федерация |
| Номер | 2016-1852 |
| Номер Листа государственной регистраци | 113 |
| 035 ## - ДРУГИЕ СИСТЕМНЫЕ НОМЕРА | |
| Идентификатор записи | (NILC)RuMoRGB-008118931 |
| 035 ## - ДРУГИЕ СИСТЕМНЫЕ НОМЕРА | |
| Идентификатор записи | (NLR Aleph) 010970623 |
| 100 ## - ДАННЫЕ ОБЩЕЙ ОБРАБОТКИ | |
| Данные общей обработки | 20160203d2015 km y0rusy50 ca |
| 101 0# - ЯЗЫК РЕСУРСА | |
| Язык текста, звукозаписи и т.д. | русский |
| 102 ## - СТРАНА ПУБЛИКАЦИИ ИЛИ ПРОИЗВОДСТВА | |
| Страна публикации | Российская Федерация |
| 105 ## - ПОЛЕ КОДИРОВАННЫХ ДАННЫХ: ТЕКСТОВЫЕ МАТЕРИАЛЫ, МОНОГРАФИЧЕСКИЕ | |
| Кодированные данные о монографическом текстовом документе | a|||z|||000yy |
| 200 1# - ЗАГЛАВИЕ И СВЕДЕНИЯ ОБ ОТВЕТСТВЕННОСТИ | |
| Основное заглавие | Проблемы финансового и организационно-правового обеспечения бесплатной юридической помощи в Приволжском федеральном округе |
| Первые сведения об ответственности | А. Ю. Александров, С. Б. Верещак, Е. В. Иванова, О. А. Иванова |
| Последующие сведения об ответственности | [науч. ред.: С. В. Тасаков] |
| -- | М-во образования и науки Рос. Федерации, Федер. гос. бюджет. образоват. учреждение высш. проф. образования, "Чуваш. гос. ун-т им. И.Н. Ульянова" |
| 210 ## - ПУБЛИКАЦИЯ, РАСПРОСТРАНЕНИЕ И ДР. | |
| Место издания, распространения и т.д. | Чебоксары |
| Имя издателя, распространителя и т. д. | Изд-во Чувашского университета |
| Дата издания, распространения и т.д. | 2015 |
| 215 ## - ФИЗИЧЕСКАЯ ХАРАКТЕРИСТИКА | |
| Специфическое обозначение материала и объем | 161, [1] с. |
| Другие сведения о физической характеристике | ил. |
| Размеры | 20 |
| 320 ## - ПРИМЕЧАНИЯ О НАЛИЧИИ В ДОКУМЕНТЕ БИБЛИОГРАФИИ / УКАЗАТЕЛЯ | |
| Текст примечания | Библиогр.: с. 118-135 (157 назв.) и в подстроч. примеч. |
| 606 ## - НАИМЕНОВАНИЕ ТЕМЫ КАК ПРЕДМЕТ | |
| Наименование темы | Юридическая помощь |
| Географический подзаголовок | Российская Федерация |
| Идентификатор авторитетной/нормативной записи | RU\NLR\AUTH\661517960 |
| Системный номер авторитетной/нормативной записи | 2566616 |
| 610 0# - НЕКОНТРОЛИРУЕМЫЕ ПРЕДМЕТНЫЕ ТЕРМИНЫ | |
| Предметный термин | бесплатная юридическая помощь |
| 675 ## - УНИВЕРСАЛЬНАЯ ДЕСЯТИЧНАЯ КЛАССИФИКАЦИЯ (UDC/УДК) | |
| Индекс | 347.9 |
| 686 1# - ИНДЕКСЫ ДРУГИХ КЛАССИФИКАЦИЙ | |
| Индекс | Х629.08 |
| 686 1# - ИНДЕКСЫ ДРУГИХ КЛАССИФИКАЦИЙ | |
| Индекс | Х629.219 |
| 701 #1 - ИМЯ ЛИЦА - АЛЬТЕРНАТИВНАЯ ОТВЕТСТВЕННОСТЬ | |
| Материалы, к которым относится поле | rus |
| Графика поля | Кириллица |
| Начальный элемент ввода | Александров |
| Часть имени, кроме начального элемента ввода | А. Ю. |
| Дополнения к именам, кроме дат | канд. юрид. наук |
| Расширение инициалов личного имени | Андрей Юрьевич |
| Идентификатор авторитетной/нормативной записи | RU\NLR\AUTH\7726595 |
| Системный номер авторитетной/нормативной записи | 9634 |
| 701 #1 - ИМЯ ЛИЦА - АЛЬТЕРНАТИВНАЯ ОТВЕТСТВЕННОСТЬ | |
| Начальный элемент ввода | Верещак |
| Часть имени, кроме начального элемента ввода | С. Б. |
| Расширение инициалов личного имени | Светлана Борисовна |
| 701 #1 - ИМЯ ЛИЦА - АЛЬТЕРНАТИВНАЯ ОТВЕТСТВЕННОСТЬ | |
| Графика поля | Кириллица |
| Материалы, к которым относится поле | rus |
| Начальный элемент ввода | Иванова |
| Часть имени, кроме начального элемента ввода | Е. В. |
| Дополнения к именам, кроме дат | канд. юрид. наук |
| Расширение инициалов личного имени | Елена Витальевна |
| Системный номер авторитетной/нормативной записи | 74337 |
| Идентификатор авторитетной/нормативной записи | RU\NLR\AUTH\7791410 |
| 701 #1 - ИМЯ ЛИЦА - АЛЬТЕРНАТИВНАЯ ОТВЕТСТВЕННОСТЬ | |
| Начальный элемент ввода | Иванова |
| Часть имени, кроме начального элемента ввода | О. А. |
| Расширение инициалов личного имени | Ольга Андреевна |
| 702 #1 - ИМЯ ЛИЦА - ВТОРИЧНАЯ ОТВЕТСТВЕННОСТЬ | |
| Код отношения | Редактор |
| Начальный элемент ввода | Тасаков |
| Часть имени, кроме начального элемента ввода | С. В. |
| Дополнения к именам, кроме дат | д-р юрид. наук |
| Расширение инициалов личного имени | Сергей Владимирович |
| Системный номер авторитетной/нормативной записи | 151432 |
| Идентификатор авторитетной/нормативной записи | RU\NLR\AUTH\770151470 |
| 801 #0 - ИСТОЧНИК ЗАПИСИ | |
| Страна | Российская Федерация |
| Организация | РГБ |
| Дата составления | 20160120 |
| Правила каталогизации | RCR |
| 942 ## - ДОПОЛНИТЕЛЬНЫЕ ЭЛЕМЕНТЫ ЗАПИСИ (АБИС) | |
| Тип экземпляра АБИС | Книга |
| 980 ## - КОЛЛЕКЦИЯ | |
| Название коллекции | НБР |
Нет доступных экземпляров.